000 00642nam a2200217Ia 4500
003 OSt
005 20250912114556.0
008 220923b |||||||| |||| 00| 0 eng d
037 _cReference
040 _aRTL
_cRTL
_beng
041 _2eng
_aeng
084 _aR LO.2/SC
_qRTL
100 _aJaspers, Karl
_941923
245 0 _aPhilosophy
260 _aChicago
_bThe University Press
_c1932
300 _axiv, 382p.
_bincludes bibliographical references and index
490 _vVol. 2.
700 _aAshton, E.B.
_eTranslator
_9821233
942 _hR, L0.2/SC
_cREF
_2CC
_n0
999 _c500442
_d500442